Guess the country by... Vague Description 3!!!! - Statistics

General Stats
  • This quiz has been taken 11 times
  • The average score is 13 of 24
Answer Stats
Answer % Correct
Take the sound a ghost makes, and the action of sitting in the sun on purpose to get darker. Combine then, and you get... Bhutan
86%
Rick Coast, but with a Spanish flair. Costa Rica
86%
"Hey, have you eaten today?" "Nah man, i'm feeling quite..." Hungary
86%
Every time there is a fictional "war", this country is ALWAYS the enemy of the USA. Russia
86%
Can't wait for the 2028 Ozempi- er.. Olympics! United States
86%
"Yo lets name our country after the guy who landed here." "Sorry, this name was taken by..." Colombia
71%
"My name is Gemma Pel" "Your name is "My name is?" France
71%
So you wanted to fly to this country to visit some foreign relatives, but unfortunately you ended up in Atlanta. Georgia
71%
imagine being doubly landlocked lol couldn't be me Liechtenstein / Uzbekistan
71%
How Aussie's say "no way" Norway
71%
"Oh? Well, considering it's November and the family is coming around, you can take a bite out of the..." Turkey
71%
The spot where some famous dude got 50v1'd is now a Cat Sanctuary. Italy
57%
I tried to visit the southern alps, so i figured it would be in Italy, but i ended up in this country instead. New Zealand
57%
The reason why you would wear a jumper.You're feeling.. Chile
43%
The only country where you can go from London to Paris on foot, as well as Poland! ...and Banana. Kiribati
43%
There was a race involving professional attire like the suit, the tie, etc. At the end of the race, the tie won. Taiwan
43%
____ The Explorer Andorra
29%
Sounds like Bill Nye, but only if you don't know how to pronounce his name. Brunei
29%
"man can i get sum coastline plsss??""no #packwatch" Croatia
29%
"It's not just a boulder... It's a rock!" Iraq
29%
Sorry, Name Suriname
29%
I WAS CHOSEN BY HEAVENSAY MY NAME WHEN YOU PRAY TO THE SKYYYYYYYYYYYYY SEE CAROLUS RISE Sweden
29%
Libyan dictator when this country exists: >:(((( Switzerland
29%
The shape of this country looks like an AK-47. Monaco
14%
No matching quizzes found
Score Distribution
Percent of People with Each Score
Percentile by Number Answered
Your Score History
You have not taken this quiz